Comunicación, partículas discursivas y pragmática experimental /

Detalles Bibliográficos
Autores principales: Loureda Lamas, Oscar (Autor), Cruz Rubio, Adriana (Autor), Recio Fernández, Inés (Autor), Rudka, Martha (Autor)
Formato: Electrónico eBook
Lenguaje:español
Publicado: Madrid : Arco/Libros, S. L., [2021]
Colección:Colección Bibliotheca philologica.
Materias:
Acceso en línea:Digitalia Hispánica

MARC

LEADER 00000nam a2200000Ii 4500
001 DIGARCOL0006
003 NyNyDIG
006 m o d
007 cr |||||||||||
008 241001s2021 sp a ob 000 0 spa d
035 |a (OCoLC)1458531634 
040 |a DGITA  |b eng  |e rda  |e pn  |c DGITA 
020 |z 9788471338525 
050 1 4 |a P283 ebook 
100 1 |a Loureda Lamas, Oscar,  |e author. 
245 1 0 |a Comunicación, partículas discursivas y pragmática experimental /  |c Óscar Loureda Lamas, Adriana Cruz Rubio, Inés Recio Fernández, Martha Rudka. 
264 1 |a Madrid :  |b Arco/Libros, S. L.,  |c [2021] 
300 |a 1 online resource :  |b illustrations. 
336 |a text  |b txt  |2 rdacontent 
337 |a computer  |b c  |2 rdamedia 
338 |a online resource  |b cr  |2 rdacarrier 
347 |a text file  |2 rdaft 
347 |b PDF 
490 1 |a Colección: Bibliotheca philologica 
504 |a Includes bibliographical references. 
588 0 |a Online resource; title from PDF title page (Digitalia, viewed October 1, 2024) 
650 0 |a Grammar, Comparative and general  |x Particles. 
650 0 |a Communication. 
650 0 |a Pragmatics. 
700 1 |a Cruz Rubio, Adriana,  |e author. 
700 1 |a Recio Fernández, Inés,  |e author. 
700 1 |a Rudka, Martha,  |e author. 
791 2 |a Digitalia (Firm),  |e distributor. 
793 0 |g Digitalia eBook Collection:  |a Arco/Libros 
776 0 8 |i Print version:  |a Loureda Lamas, Oscar.  |t Comunicación, partículas discursivas y pragmática experimental.  |d Madrid : Arco/Libros, S. L., [2021]  |z 9788471338525 
830 0 |a Colección Bibliotheca philologica. 
856 4 0 |3 Digitalia Hispánica  |u https://www.digitaliapublishing.com/a/137331/ 
910 |a Premium collection: 2024